LEADER 01144cam a2200289 i 4500 001 991000131569707536 005 20240418113529.0 008 220315s1992 gw 000 0dger c 020 $a3821811609 035 $ab14432821-39ule_inst 040 $aBibl. Dip.le Aggr. Scienze Giuridiche - Sez. Centro Studi sul Rischio 082 04$a943.0879092$220 100 1 $aWeizsäcker, Richard,$cFreiherr von,$d1920-$01734740 245 10$aRichard von Weizsäcker im Gespräch mit Gunter Hofmann und Werner A. Perger 260 $aFrankfurt am Main :$bEichborn,$cc1992 300 $a183 p. ;$c22 cm 600 10$aWeizsäcker, Richard,$cFreiherr von,$d1920-$vInterviews 650 0$aPresidents$zGermany$xInterviews 651 0$aGermany$xPolitics and government$y1990- 651 0$aGermany$xForeign relations$y1990- 700 1 $aHofmann, Gunter,$d1942- 700 1 $aPerger, Werner A.,$d1942- 907 $a.b14432821$b10-06-22$c15-03-22 912 $a991000131569707536 996 $aRichard von Weizsäcker im Gespräch mit Gunter Hofmann und Werner A. Perger$94152717 997 $aUNISALENTO 998 $ale028$b15-03-22$cm$da$en$fger$ggw$h0$i0